Zgadnij klub z Polski po przydomku - Statystyki

Ogólne statystyki
  • Ten quiz został rozwiązany 64 razy
  • Średni wynik to 15 z 20
Statystyki odpowiedzi
Przydomek Klub % Poprawnych
Wojskowi Legia Warszawa
100%
Biała Gwiazda Wisła Kraków
100%
Kolejorz Lech Poznań
93%
GieKSa GKS Katowice
91%
Duma Podlasia Jagiellonia Białystok
91%
Portowcy Pogoń Szczecin
91%
Pasy Cracovia
89%
Władcy Północy Lechia Gdańsk
87%
Tyszanie GKS Tychy
85%
Śledzie Arka Gdynia
82%
Niebiescy Ruch Chorzów
82%
Medaliki Raków Częstochowa
78%
Malinowe Nosy Śląsk Wrocław
78%
Torcida Górnik Zabrze
75%
Scyzory Korona Kielce
69%
Władcy Miasta Włókniarzy Widzew Łódź
64%
Słoniki Bruk Bet Termalika
62%
Rycerze Wiosny ŁKS
51%
Królowa Śląska Polonia Bytom
38%
Gumiory Hutnik Kraków
11%
Nie znaleziono quizów pasujących do podanych kryteriów
Rozkład punktacji
Procent ludzi z każdym wynikiem
Percentyl według liczby udzielonych odpowiedzi
Twoja historia wyników
Nie rozwiązałeś tego quizu